Estimating inbound tourism demand for Kenya : (Record no. 1452)
[ view plain ]
| 000 -LEADER | |
|---|---|
| fixed length control field | 00619nam a22002052 4500 |
| 001 - CONTROL NUMBER | |
| control field | 0000024294 |
| 005 - DATE AND TIME OF LATEST TRANSACTION | |
| control field | 20151021151153.0 |
| 008 - FIXED-LENGTH DATA ELEMENTS--GENERAL INFORMATION | |
| fixed length control field | 130625s xx 000 0 eng d |
| 020 ## - INTERNATIONAL STANDARD BOOK NUMBER | |
| International Standard Book Number | 9966777555 : |
| 040 ## - CATALOGING SOURCE | |
| Original cataloging agency | KABU |
| Transcribing agency | KABU |
| 100 1# - MAIN ENTRY--PERSONAL NAME | |
| Personal name | Kiarie, Simon. |
| -- | 0000184289 |
| 245 10 - TITLE STATEMENT | |
| Title | Estimating inbound tourism demand for Kenya : |
| Remainder of title | the gravity approach / |
| Statement of responsibility, etc. | Simon Kiarie. |
| 250 ## - EDITION STATEMENT | |
| Edition statement | 1st ed. |
| 260 ## - PUBLICATION, DISTRIBUTION, ETC. (IMPRINT) | |
| Place of publication, distribution, etc. | Nairobi : |
| Name of publisher, distributor, etc. | KIPPRA, |
| Date of publication, distribution, etc. | 2009. |
| 300 ## - PHYSICAL DESCRIPTION | |
| Extent | v, 34 p. |
| 650 #0 - SUBJECT ADDED ENTRY--TOPICAL TERM | |
| Topical term or geographic name as entry element | Tourism |
| Geographic subdivision | Kenya. |
| -- | 0000149686 |
| 852 1# - LOCATION | |
| -- | p200 KES |
| 908 ## - PUT COMMAND PARAMETER (RLIN) | |
| Put command parameter | 130625 |
| 950 ## - LOCAL HOLDINGS (RLIN) | |
| -- | 1 |
| Withdrawn status | Lost status | Source of classification or shelving scheme | Not for loan | Home library | Current library | Date acquired | Total Checkouts | Full call number | Barcode | Date last seen | Price effective from | Koha item type |
|---|---|---|---|---|---|---|---|---|---|---|---|---|
| Library of Congress Classification | Kabarak, Main Campus | Kabarak, Main Campus | 17/12/2015 | G155 .K4K53 2009 c. 1 | 015788 | 17/12/2015 | 17/12/2015 | Africana Collection | ||||
| Library of Congress Classification | Kabarak, Nakuru City Campus | Kabarak, Nakuru City Campus | 21/10/2015 | G155 .K4K53 2009 c. 1 | 015779 | 21/10/2015 | 21/10/2015 | General Collection |